Productivity: the human side (Record no. 89210)
[ view plain ]
| 000 -LEADER | |
|---|---|
| fixed length control field | 00483nam a2200193Ia 4500 |
| 005 - DATE AND TIME OF LATEST TRANSACTION | |
| control field | 20230228115354.0 |
| 008 - FIXED-LENGTH DATA ELEMENTS--GENERAL INFORMATION | |
| fixed length control field | 230125s9999 xx 000 0 und d |
| 041 ## - LANGUAGE CODE | |
| Language code of text/sound track or separate title | eng |
| 082 ## - DEWEY DECIMAL CLASSIFICATION NUMBER | |
| Classification number | 658.312 44 |
| Item number | BLA |
| 100 ## - MAIN ENTRY--PERSONAL NAME | |
| Author | Blake R R |
| 245 ## - TITLE STATEMENT | |
| Title | Productivity: the human side |
| 260 ## - PUBLICATION, DISTRIBUTION, ETC. | |
| Date of publication, distribution, etc. | 1981 |
| Name of publisher, distributor, etc. | Suchandra publication |
| Place of publication, distribution, etc. | Mumbai |
| 300 ## - PHYSICAL DESCRIPTION | |
| Extent | 133p |
| 500 ## - GENERAL NOTE | |
| Keywords | HRM;HRM Gen |
| 650 ## - SUBJECT ADDED ENTRY--TOPICAL TERM | |
| Topical term or geographic name entry element | HRM;HRM Gen |
| 700 ## - ADDED ENTRY--PERSONAL NAME | |
| Personal name | Blake R R & Mouton J S |
| 942 ## - ADDED ENTRY ELEMENTS (KOHA) | |
| Koha item type | Donated Book |
| 906 ## - LOCAL DATA ELEMENT F, LDF (RLIN) | |
| b | 100 |
| Withdrawn status | Lost status | Damaged status | Not for loan | Home library | Current library | Date acquired | Vendor | Net Price | Full call number | Barcode | Date last seen | Actual Price | Bill Date | Koha item type | Original Barcode |
|---|---|---|---|---|---|---|---|---|---|---|---|---|---|---|---|
| Smt. Hiraben Nanavati Institute of Management & Research for Women | Smt. Hiraben Nanavati Institute of Management & Research for Women | 02/12/2015 | Donated Book- Outside Donar | 200.00 | 658.312 44 BLA DB2262 | HIMR-DB-2262 | 25/01/2023 | 100.00 | 25/01/2023 | Donated Book | DB2262 |